| 000 | 00505nam a2200193 a 4500 | ||
|---|---|---|---|
| 001 | 2246 | ||
| 003 | CDMR | ||
| 005 | 20131029161103.0 | ||
| 008 | 130130s1984||||||||||||||||||||||||||||d | ||
| 020 | _a843130863X | ||
| 040 |
_aCDMR _bcat _cCDMR |
||
| 100 | 1 |
_aNieto, Alfonso _9279 |
|
| 245 | 1 | 3 |
_aLa prensa gratuita _cAlfonso Nieto |
| 260 |
_aPamplona _c1984 _bEUNSA |
||
| 300 |
_a316 p. _c29 cm |
||
| 490 | 0 |
_aCiencias de la Información. _aManuales _v11 |
|
| 650 | 0 | 4 |
_93940 _aPremsa gratuïta |
| 942 |
_cMON _2udc |
||
| 999 |
_c2246 _d2246 |
||